000 01507nam a22003615a 4500
999 _c25028
_d25000
003 EG-ScBUE
005 20210214115057.0
008 170711s2014 ua a f b 000 0 ara d
017 _a1998/15258
020 _a9789770905142
040 _aEG-ScBUE
_bara
_erda
_cEG-ScBUE
_dEG-ScBUE
041 0 _aara
_aeng
082 0 4 _a892.785
_bج ب ر
_222
100 1 _aجبران، جبران خليل،
_d1883-1931،
_eمؤلف.
245 1 0 _aحديقة النبي /
_cجبران خليل جبران ؛ ترجمة موازية للنصين الإنجليزي والعربي د. ثروت عكاشه.
250 _aالطبعة الحادية عشرة.
264 1 _aالقاهرة، مصر :
_bدار الشروق،
_c2014.
300 _a79 صفحة :
_bإيضاحيات ؛
_c24 سم
336 _2rdacontent
_aنص
_btxt
337 _2rdamedia
_aبدون وسيط
_bn
338 _2rdacarrier
_aمجلد
_bnc
504 _aيشتمل على إرجاعات ببليوجرافية.
546 _aالنص باللغتين العربية والإنجليزية.
590 _aدعاء
650 7 _aالأدب العربي في المهجر
_zالولايات المتحدة الأمريكية
_yقرن 20.
_2BUEsh
650 7 _aالفلسفة الإسلامية.
_2BUEsh
_9179
650 7 _aالفلسفة العربية.
_2BUEsh
_917306
651 _2BUEsh
653 _bGGEN
_cJuly2017
655 _vReading book
_934232
700 1 _aعكاشة، ثروت،‏
_d1921-2012،
_eمترجم.
_98172
942 _2ddc